Manažérske prístupy zabezpečovania kvality informačných a komunikačných technológií
Teoretická analýza možností teoretických prístupov a systémov manažmentu kvality IT systémov a činností. Význam informačných technológií pre manažérstvo služieb. Optimalizácia procesov v oblasti informačných technológií: globálny rámec ITIL (Information Technology Infrastructure Library), z neho vyc...
Salvato in:
| Autore principale: | |
|---|---|
| Natura: | Capitolo di libro |
| Lingua: | slovacco |
| Soggetti: | |
| Tags: |
Nessun Tag, puoi essere il primo ad aggiungerne!!
|
MARC
| LEADER | 00000nla a2200000 4500 | ||
|---|---|---|---|
| 001 | 0246587 | ||
| 005 | 20240502073946.4 | ||
| 041 | 0 | |a slo | |
| 044 | |a SK | ||
| 245 | 1 | 0 | |a Manažérske prístupy zabezpečovania kvality informačných a komunikačných technológií |c Ivan Hlavatý |
| 520 | |a Teoretická analýza možností teoretických prístupov a systémov manažmentu kvality IT systémov a činností. Význam informačných technológií pre manažérstvo služieb. Optimalizácia procesov v oblasti informačných technológií: globálny rámec ITIL (Information Technology Infrastructure Library), z neho vychádza britská norma BS 15000 a norma ISO/IEC 20000. | ||
| 610 | 2 | 0 | |a technológie informačné |
| 610 | 2 | 0 | |a technológie komunikačné |
| 610 | 2 | 0 | |a kvalita |
| 610 | 2 | 0 | |a kvalita služieb |
| 610 | 2 | 0 | |a riadenie kvality |
| 610 | 2 | 0 | |a riadenie znalostí |
| 610 | 2 | 0 | |a služby informačné |
| 610 | 2 | 0 | |a systémy informačné |
| 610 | 2 | 0 | |a manažment informačný |
| 610 | 2 | 0 | |a ekonomika znalostná |
| 610 | 2 | 0 | |a vedomosti |
| 610 | 2 | 0 | |a optimalizácia |
| 610 | 2 | 0 | |a normy ISO |
| 610 | 2 | 0 | |a štandardizácia |
| 100 | 1 | |a Hlavatý, Ivan, 1978- | |